| 000 | 00404nam a2200145Ia 4500 | ||
|---|---|---|---|
| 008 | 230917s9999||||xx |||||||||||||| ||und|| | ||
| 040 |
_e127775 _aMAIN |
||
| 041 | _aEnglish | ||
| 082 | _a327.51 C136C | ||
| 100 | _aCamilleri, Joseph | ||
| 245 | 0 | _aChinese foreign policy: the maoist era and its aftermath | |
| 260 |
_aOxford _bUniversity of Washington Press _c1980 |
||
| 300 | _a311p. p. | ||
| 942 | _cBK | ||
| 999 |
_c221327 _d221327 |
||